000 00338nam a2200133Ia 4500
008 240624s9999 xx 000 0 und d
041 _aeng
082 _a368.01 BOO
100 _aBOOTH PHILIP
245 _aMODERN ACTUARIAL THEORY AND PRACTICE
260 _c2004
_aBoca Raton
_bCRC Press
300 _a840 : p. : cm. ; 24
365 _c
_b30
999 _c11576
_d11576